[Event "POL-chT U20 2nd League"]
[Site "Sypniewo"]
[Date "2025.06.26"]
[Round "9.39"]
[White "Wnorowski, Wiktor"]
[Black "Roszczyk, Mateusz"]
[Result "1-0"]
[WhiteElo "1712"]
[BlackElo "1591"]
[PlyCount "93"]
[EventDate "2025.06.18"]
[EventType "team-swiss"]
[EventRounds "9"]
[EventCountry "POL"]
[SourceTitle "CB27_2025"]
[SourceDate "2025.07.02"]
[SourceVersion "1"]
[SourceVersionDate "2025.07.02"]
[SourceQuality "1"]
[WhiteTeam "Białystok Stoczek 45 III"]
[BlackTeam "Czerwionka Leszczyny Skoczek"]
[WhiteTeamCountry "POL"]
[BlackTeamCountry "POL"]

1. d4 Nf6 2. c4 g6 3. Nc3 d6 4. e4 Bg7 5. Be2 0-0 6. Be3 e5 7. d5 Nbd7 8. g4 Nc5 9. f3 a5 10. Qd2 Ne8 11. g5 f5 12. gxf6 Bxf6 13. 0-0-0 Ng7 14. h4 Nh5 15. Qe1 Nf4 16. Qg3 a4 17. a3 Bd7 18. Kb1 Ra5 19. h5 g5 20. h6 Nb3 21. Bf1 Kh8 22. Bh3 Bxh3 23. Nxh3 Rg8 24. Nf2 Rg6 25. Ng4 Qf8 26. Qf2 b6 27. Nb5 Qe7 28. Rdg1 Nc5 29. Bd2 Ncd3 30. Qf1 Ra8 31. Ne3 Qd7 32. Nf5 Be7 33. Nc3 Kg8 34. Rg4 Kf7 35. Rhg1 Rag8 36. Ne2 Bf8 37. Bc3 Qd8 38. Nxf4 Nxf4 39. Qd1 Bxh6 40. Rh1 Qf6 41. Qxa4 Bf8 42. Qd7+ Be7 43. Rxh7+ R8g7 44. Nxg7 Rxg7 45. Rh8 Rg6 46. Qe8+ Kg7 47. Qg8# 1-0

[Event "POL-chT U20 2nd League"]
[Site "Sypniewo"]
[Date "2025.06.21"]
[Round "4.45"]
[White "Roszczyk, Mateusz"]
[Black "Mucha, Wojciech1"]
[Result "1/2-1/2"]
[WhiteElo "1591"]
[BlackElo "1524"]
[PlyCount "65"]
[EventDate "2025.06.18"]
[EventType "team-swiss"]
[EventRounds "9"]
[EventCountry "POL"]
[SourceTitle "CB27_2025"]
[SourceDate "2025.07.02"]
[SourceVersion "1"]
[SourceVersionDate "2025.07.02"]
[SourceQuality "1"]
[WhiteTeam "Czerwionka Leszczyny Skoczek"]
[BlackTeam "Zakrzewo Korona"]
[WhiteTeamCountry "POL"]
[BlackTeamCountry "POL"]

1. Nf3 Nf6 2. g3 g6 3. Bg2 Bg7 4. 0-0 0-0 5. d4 d5 6. b3 b6 7. Bb2 Bb7 8. c4 e6 9. Nc3 Nc6 10. Rc1 a5 11. Ba3 Re8 12. c5 Ne4 13. cxb6 cxb6 14. Na4 b5 15. Nc5 Nxc5 16. Bxc5 Rc8 17. e3 Nb8 18. Ne1 b4 19. Nd3 Ba6 20. Re1 Nd7 21. Bf1 Bxd3 22. Bxd3 Nxc5 23. Rxc5 Rxc5 24. dxc5 Bc3 25. Re2 Qc7 26. Bb5 Rb8 27. Ba4 Qxc5 28. Rc2 Qb6 29. Qd3 Rd8 30. Kg2 d4 31. e4 Qb7 32. Qb5 Qxb5 33. Bxb5 1/2-1/2